<?xml version="1.0" encoding="UTF-8"?>
<record
    xmlns:xsi="http://www.w3.org/2001/XMLSchema-instance"
    xsi:schemaLocation="http://www.loc.gov/MARC21/slim http://www.loc.gov/standards/marcxml/schema/MARC21slim.xsd"
    xmlns="http://www.loc.gov/MARC21/slim">

  <leader>00688nam a22001697a 4500</leader>
  <controlfield tag="008">130409t        mx||||| |||| 00| 0 spa d</controlfield>
  <datafield tag="050" ind1=" " ind2=" ">
    <subfield code="a">B63 . C64</subfield>
    <subfield code="b">1976</subfield>
  </datafield>
  <datafield tag="111" ind1=" " ind2="2">
    <subfield code="a">Coloquio Nacional de Filosof&#xED;a </subfield>
    <subfield code="d">(1&#xB0; : 1975</subfield>
    <subfield code="c">Morelia, Mexico)</subfield>
  </datafield>
  <datafield tag="245" ind1="1" ind2="3">
    <subfield code="a">La filosof&#xED;a y las ciencias sociales : </subfield>
    <subfield code="b">Primer Coloquio  Nacional de Filosofia, Morelia, Mich., M&#xE9;xico, 4-9 de agosto de 1975 /</subfield>
    <subfield code="c">J. L. Balc&#xE1;rcel...[et al].</subfield>
  </datafield>
  <datafield tag="260" ind1=" " ind2=" ">
    <subfield code="a">Morelia, Mich., M&#xE9;xico : </subfield>
    <subfield code="b">Grijalbo, </subfield>
    <subfield code="c">1976</subfield>
  </datafield>
  <datafield tag="300" ind1=" " ind2=" ">
    <subfield code="a">332 p. ; </subfield>
    <subfield code="c">20 cm.</subfield>
  </datafield>
  <datafield tag="440" ind1=" " ind2="0">
    <subfield code="a">Teoria y praxis ; </subfield>
    <subfield code="v">24 </subfield>
  </datafield>
  <datafield tag="650" ind1=" " ind2="4">
    <subfield code="a">Filosofia y ciencias sociales</subfield>
  </datafield>
  <datafield tag="650" ind1=" " ind2="4">
    <subfield code="a">Ensayos y conferencias </subfield>
  </datafield>
  <datafield tag="700" ind1="1" ind2=" ">
    <subfield code="a">Balc&#xE1;rcel, Jose Luis </subfield>
    <subfield code="q">coaut.</subfield>
  </datafield>
  <datafield tag="942" ind1=" " ind2=" ">
    <subfield code="2">lcc</subfield>
    <subfield code="c">LIB</subfield>
  </datafield>
  <datafield tag="999" ind1=" " ind2=" ">
    <subfield code="c">36747</subfield>
    <subfield code="d">36747</subfield>
  </datafield>
  <datafield tag="952" ind1=" " ind2=" ">
    <subfield code="1">0</subfield>
    <subfield code="2">lcc</subfield>
    <subfield code="4">0</subfield>
    <subfield code="7">0</subfield>
    <subfield code="a">LIC-046</subfield>
    <subfield code="b">LIC-046</subfield>
    <subfield code="d">2013-04-09</subfield>
    <subfield code="e">Donacion </subfield>
    <subfield code="h">LLH000002273</subfield>
    <subfield code="o">B63 C65 1976</subfield>
    <subfield code="p">LLH000002273</subfield>
    <subfield code="r">2015-01-16 00:00:00</subfield>
    <subfield code="t">C:1</subfield>
    <subfield code="y">LIB</subfield>
    <subfield code="z">General</subfield>
  </datafield>
</record>
